000 00420pab a2200169 454500
008 180718b1998 xxu||||| |||| 00| 0 eng d
100 _aSiddharth, P.K.
245 _aIndian police and the challenges of organised crime
260 _c1998
300 _ap.60-67
362 _aJan-Jun
650 _aCrime - India
650 _aPolice - India
650 _aPolice
773 _aIndian Police Journal
909 _a37449
999 _c37449
_d37449